[Event "Wch Blitz (Women)"]
[Site "Riadh"]
[Date "2017.12.30"]
[Round "19"]
[White "Goryachkina, Aleksandra"]
[Black "Kosteniuk, Alexandra"]
[Result "1-0"]
[WhiteElo "2486"]
[BlackElo "2557"]
[PlyCount "159"]
[EventDate "2017.12.29"]
[EventType "swiss (blitz)"]
[EventRounds "21"]
[EventCountry "SAU"]
[SourceTitle "CBM 182 Extra"]
[Source "ChessBase"]
[SourceDate "2018.02.23"]
[SourceVersion "1"]
[SourceVersionDate "2018.02.23"]
[SourceQuality "1"]

1. d4 Nf6 2. c4 e6 3. g3 c5 4. d5 exd5 5. cxd5 d6 6. Nc3 g6 7. Bg2 Bg7 8. Nf3
O-O 9. O-O a6 10. a4 Re8 11. Bf4 Qc7 12. h3 Nbd7 13. Re1 Nh5 14. Bd2 f5 15. Rc1
Qb6 16. Qc2 Ne5 17. Nxe5 Bxe5 18. e3 Bd7 19. b3 Rac8 20. Ne2 Qd8 21. Bc3 b5 22.
Bxe5 Rxe5 23. axb5 axb5 24. Bf3 Nf6 25. Red1 b4 26. h4 Ra8 27. Nf4 Ra3 28. Qc4
Qa5 29. Ne6 Ne4 30. Bxe4 Rxe4 31. Qd3 Bb5 32. Qd2 Rxb3 33. Ra1 Ra3 34. Qb2 Re5
35. f4 Rxe6 36. dxe6 Rxa1 37. Rxa1 Qd8 38. Ra7 Qf8 39. e7 Qf7 40. e8=Q+ Bxe8
41. Rxf7 Kxf7 42. Qb3+ Ke7 43. Qd5 Bf7 44. Qb7+ Ke6 45. Kf2 h5 46. Ke1 Be8 47.
Kd2 Bd7 48. e4 fxe4 49. Qxe4+ Kf6 50. Qd5 Ke7 51. Qg8 Bf5 52. Qh7+ Ke6 53. Qg8+
Ke7 54. Qb8 Ke6 55. Qe8+ Kd5 56. Qg8+ Kd4 57. Qg7+ Kd5 58. Qf7+ Kd4 59. Qf6+
Kd5 60. g4 Bxg4 61. Qxg6 c4 62. Qg5+ Kd4 63. Qf6+ Kc5 64. f5 c3+ 65. Kc2 Bf3
66. Qe6 Bd5 67. Qe3+ Kc4 68. Qf4+ Kc5 69. f6 Bf7 70. Qg5+ Kc4 71. Qf4+ Kc5 72.
Qf5+ Kc4 73. Qe4+ Kc5 74. Qe7 Bg6+ 75. Kb3 c2 76. Qc7+ Kd4 77. Qxd6+ Ke3 78.
Kb2 Bf7 79. Qe5+ Kd2 80. Qd4+ 1-0

[Event "Wch Blitz (Women)"]
[Site "Riadh"]
[Date "2017.12.30"]
[Round "20"]
[White "Kosteniuk, Alexandra"]
[Black "Danielian, Elina"]
[Result "0-1"]
[WhiteElo "2557"]
[BlackElo "2413"]
[PlyCount "144"]
[EventDate "2017.12.29"]
[EventType "swiss (blitz)"]
[EventRounds "21"]
[EventCountry "SAU"]
[SourceTitle "CBM 182 Extra"]
[Source "ChessBase"]
[SourceDate "2018.02.23"]
[SourceVersion "1"]
[SourceVersionDate "2018.02.23"]
[SourceQuality "1"]

1. e4 c6 2. Nc3 d5 3. Nf3 dxe4 4. Nxe4 Nd7 5. d4 Ngf6 6. Ng3 g6 7. Bc4 Bg7 8.
O-O O-O 9. h3 Qc7 10. Re1 e6 11. c3 b6 12. Bb3 c5 13. Bg5 Bb7 14. Ne5 Nxe5 15.
dxe5 Qc6 16. f3 Nd7 17. Bf4 Rfd8 18. Qe2 h6 19. h4 Rac8 20. Bc4 g5 21. hxg5
hxg5 22. Bxg5 Nxe5 23. Bb5 Qc7 24. Bxd8 Rxd8 25. Ne4 c4 26. Red1 Rxd1+ 27. Rxd1
Bxe4 28. Qxe4 Qc5+ 29. Kh1 Qxb5 30. Rd8+ Bf8 31. a4 Qc5 32. Qh4 Ng6 33. Qf6 Qf2
34. Rd7 Qe1+ 35. Kh2 Ne5 36. Qg5+ Ng6 37. Qf6 Qe5+ 38. Qxe5 Nxe5 39. Rxa7 Nd3
40. Rb7 Bc5 41. Kh3 Kg7 42. Rc7 Kf6 43. g4 Kg6 44. Kg2 f5 45. Rc6 Kf6 46. gxf5
Kxf5 47. Rc8 Ke5 48. Kg3 Kd5 49. Rd8+ Bd6+ 50. Kg4 Nxb2 51. Ra8 Nd1 52. a5 bxa5
53. Rxa5+ Bc5 54. Ra8 Nxc3 55. f4 Ne4 56. Kf3 Nd6 57. Ra1 c3 58. Ke2 Kc4 59.
Kd1 Kd3 60. Ra2 Be3 61. f5 Nxf5 62. Rd2+ Kc4 63. Rd8 Nd4 64. Rc8+ Kd3 65. Rc7
Bf4 66. Rc8 e5 67. Rc7 e4 68. Rc8 e3 69. Ke1 Bg3+ 70. Kf1 e2+ 71. Kg2 e1=Q 72.
Rxc3+ Kxc3 0-1

[Event "Wch Blitz (Women)"]
[Site "Riadh"]
[Date "2017.12.30"]
[Round "21"]
[White "Padmini, Rout"]
[Black "Kosteniuk, Alexandra"]
[Result "0-1"]
[WhiteElo "2324"]
[BlackElo "2557"]
[PlyCount "46"]
[EventDate "2017.12.29"]
[EventType "swiss (blitz)"]
[EventRounds "21"]
[EventCountry "SAU"]
[SourceTitle "CBM 182 Extra"]
[Source "ChessBase"]
[SourceDate "2018.02.23"]
[SourceVersion "1"]
[SourceVersionDate "2018.02.23"]
[SourceQuality "1"]

1. e4 e5 2. Nf3 Nc6 3. Bc4 Bc5 4. O-O Nf6 5. d3 O-O 6. Re1 Ng4 7. Re2 Kh8 8. h3
f5 9. exf5 Nxf2 10. Rxf2 Bxf2+ 11. Kxf2 d5 12. Bb5 Bxf5 13. Bxc6 bxc6 14. Kg1
e4 15. Nd4 Bxh3 16. Be3 c5 17. gxh3 cxd4 18. Bxd4 Rf3 19. Nd2 Qg5+ 20. Kh2 Qg3+
21. Kh1 Qxh3+ 22. Kg1 Qg4+ 23. Kh2 Rh3# 0-1

[Event "Titled Tuesday intern op 2nd Jan"]
[Site "Chess.com INT"]
[Date "2018.01.02"]
[Round "2"]
[White "Ratkovic, Milovan"]
[Black "Kosteniuk, Alexandra"]
[Result "0-1"]
[WhiteElo "2460"]
[BlackElo "2611"]
[PlyCount "50"]
[EventDate "2018.01.02"]
[EventType "swiss (blitz)"]
[EventRounds "10"]
[EventCountry "USA"]
[SourceTitle "EXT 2021"]
[Source "ChessBase"]
[SourceDate "2020.10.23"]
[SourceVersion "1"]
[SourceVersionDate "2020.10.23"]
[SourceQuality "1"]

1. d4 Nf6 2. Bg5 e6 3. Nd2 c5 4. e4 cxd4 5. e5 Qa5 6. Ngf3 Ng4 7. Bf4 Nc6 8.
Qe2 h5 9. h3 Nh6 10. g4 Bb4 11. Bg2 b6 12. Bxh6 gxh6 13. O-O Ba6 14. Nc4 Qc5
15. Nd6+ Qxd6 16. Qxa6 Qc7 17. Nxd4 Nxd4 18. Bxa8 hxg4 19. hxg4 Rg8 20. f3 Qxe5
21. Qc8+ Ke7 22. Qxg8 Qg3+ 23. Kh1 Qh3+ 24. Kg1 Bc5 25. Kf2 Qh2+ 0-1

[Event "Moscow Blondes-Brunettes m 8th"]
[Site "Moscow"]
[Date "2018.03.04"]
[Round "1.8"]
[White "Drozdova, Dina"]
[Black "Kosteniuk, Alexandra"]
[Result "0-1"]
[WhiteElo "2202"]
[BlackElo "2549"]
[PlyCount "98"]
[EventDate "2018.03.04"]
[EventType "schev (blitz)"]
[EventRounds "8"]
[EventCountry "RUS"]
[SourceTitle "CBM 183 Extra"]
[Source "ChessBase"]
[SourceDate "2018.04.19"]
[SourceVersion "1"]
[SourceVersionDate "2018.04.19"]
[SourceQuality "1"]
[WhiteTeam "Blondes"]
[BlackTeam "Brunettes"]
[WhiteTeamCountry "RUS"]
[BlackTeamCountry "RUS"]

1. d4 Nf6 2. c4 e6 3. Nf3 c5 4. g3 cxd4 5. Bg2 Bb4+ 6. Bd2 Qa5 7. O-O Bxd2 8.
Nbxd2 e5 9. b4 Qc7 10. c5 O-O 11. Nc4 Nc6 12. b5 Nb4 13. Ncxe5 Qxc5 14. a4 d6
15. Rc1 Qd5 16. Nd3 Na2 17. Nf4 Qe4 18. Rc4 d5 19. Rxd4 Qe7 20. Qd2 a6 21. Qxa2
axb5 22. Nxd5 Nxd5 23. Qxd5 bxa4 24. Ra1 a3 25. Rd3 Be6 26. Qe5 a2 27. Nd4 Ra6
28. Nxe6 Rxe6 29. Qd5 Rxe2 30. Bf1 Qf6 31. Bxe2 Qxa1+ 32. Kg2 Qb2 33. Rd1 a1=Q
34. Rxa1 Qxa1 35. Qxb7 Qe5 36. Bf3 g6 37. h4 h5 38. Qc6 Kg7 39. Qb7 Rd8 40. Qc6
Rd6 41. Qb7 Qc5 42. Qe4 Rd2 43. Qe1 Qd4 44. Kg1 Ra2 45. Kg2 Ra3 46. Qe2 Ra1 47.
Qc2 Qe5 48. Qd3 Qe1 49. Qd4+ Kh7 0-1

[Event "Moscow Blondes-Brunettes m 8th"]
[Site "Moscow"]
[Date "2018.03.04"]
[Round "2.7"]
[White "Kosteniuk, Alexandra"]
[Black "Sudakova, Irina"]
[Result "1-0"]
[WhiteElo "2549"]
[BlackElo "2313"]
[PlyCount "129"]
[EventDate "2018.03.04"]
[EventType "schev (blitz)"]
[EventRounds "8"]
[EventCountry "RUS"]
[SourceTitle "CBM 183 Extra"]
[Source "ChessBase"]
[SourceDate "2018.04.19"]
[SourceVersion "1"]
[SourceVersionDate "2018.04.19"]
[SourceQuality "1"]
[WhiteTeam "Brunettes"]
[BlackTeam "Blondes"]
[WhiteTeamCountry "RUS"]
[BlackTeamCountry "RUS"]

1. Nf3 d5 2. g3 Nf6 3. Bg2 c5 4. O-O Nc6 5. d4 e6 6. c4 dxc4 7. Qa4 Bd7 8. Qxc4
cxd4 9. Nxd4 Rc8 10. Rd1 Qb6 11. Nc3 a6 12. Nxc6 Bxc6 13. Be3 Qb4 14. Bxc6+
Rxc6 15. Qd3 Rd6 16. Qc2 Be7 17. a3 Qa5 18. b4 Qc7 19. Rxd6 Bxd6 20. Qa4+ Ke7
21. Rc1 Qd7 22. Qa5 Rc8 23. Qg5 Kf8 24. Bd4 Ne8 25. Qe3 Kg8 26. Rd1 Qe7 27. Ne4
Rd8 28. Bb6 Rd7 29. Rd3 Bb8 30. Nc5 Rxd3 31. Qxd3 Nd6 32. Nb3 h6 33. Na5 Nb5
34. a4 Nd6 35. Qc3 Qd7 36. Qc2 Nf5 37. Kg2 Be5 38. e3 Bd6 39. Qb3 Ne7 40. e4
Ng6 41. Be3 Qe7 42. Bd2 Kh7 43. Nc4 Bb8 44. f4 f5 45. Qd3 Qf7 46. e5 Ne7 47.
Nb6 Qe8 48. b5 axb5 49. axb5 Nc8 50. Qd7 Qxd7 51. Nxd7 Bc7 52. Nf8+ Kg8 53.
Nxe6 Bb6 54. Bc3 Ne7 55. Bd4 Ba5 56. Nc5 b6 57. Nd7 Nd5 58. e6 g5 59. Kf3 g4+
60. Ke2 Bc3 61. Kd3 Bxd4 62. Kxd4 Ne7 63. Ke5 Kg7 64. Nxb6 h5 65. Nd5 1-0

[Event "Moscow Blondes-Brunettes m 8th"]
[Site "Moscow"]
[Date "2018.03.04"]
[Round "3.6"]
[White "Bivol, Alina"]
[Black "Kosteniuk, Alexandra"]
[Result "0-1"]
[WhiteElo "2356"]
[BlackElo "2549"]
[PlyCount "67"]
[EventDate "2018.03.04"]
[EventType "schev (blitz)"]
[EventRounds "8"]
[EventCountry "RUS"]
[SourceTitle "CBM 183 Extra"]
[Source "ChessBase"]
[SourceDate "2018.04.19"]
[SourceVersion "1"]
[SourceVersionDate "2018.04.19"]
[SourceQuality "1"]
[WhiteTeam "Blondes"]
[BlackTeam "Brunettes"]
[WhiteTeamCountry "RUS"]
[BlackTeamCountry "RUS"]

1. Nf3 Nf6 2. g3 b6 3. Bg2 Bb7 4. c4 e6 5. d4 Be7 6. d5 exd5 7. Nh4 c6 8. Nf5
O-O 9. cxd5 Nxd5 10. e4 Nc7 11. O-O d5 12. exd5 Nxd5 13. Qc2 Bf6 14. Nc3 Nb4
15. Qb3 a5 16. Be3 Qd3 17. Be4 Qa6 18. Nd6 Nd7 19. a3 Bxc3 20. axb4 Bxb4 21.
Bd3 b5 22. Nf5 Nf6 23. Bd4 c5 24. Bxb5 Qxb5 25. Bxf6 gxf6 26. Qe3 c4 27. Qf4
Kh8 28. Rad1 Qe5 29. Qg4 Rg8 30. Qh5 Bd5 31. f4 Qe4 32. Rxd5 Qxd5 33. Rd1 Bc5+
34. Kf1 0-1

[Event "Moscow Blondes-Brunettes m 8th"]
[Site "Moscow"]
[Date "2018.03.04"]
[Round "4.5"]
[White "Kosteniuk, Alexandra"]
[Black "Fominykh, Maria"]
[Result "1-0"]
[WhiteElo "2549"]
[BlackElo "2259"]
[PlyCount "94"]
[EventDate "2018.03.04"]
[EventType "schev (blitz)"]
[EventRounds "8"]
[EventCountry "RUS"]
[SourceTitle "CBM 183 Extra"]
[Source "ChessBase"]
[SourceDate "2018.04.19"]
[SourceVersion "1"]
[SourceVersionDate "2018.04.19"]
[SourceQuality "1"]
[WhiteTeam "Brunettes"]
[BlackTeam "Blondes"]
[WhiteTeamCountry "RUS"]
[BlackTeamCountry "RUS"]

1. Nf3 Nf6 2. g3 g6 3. Bg2 Bg7 4. d4 d6 5. O-O O-O 6. c4 Nbd7 7. Nc3 e5 8. e4
c6 9. Re1 Re8 10. h3 exd4 11. Nxd4 Nc5 12. Bf4 Ne6 13. Nxe6 Bxe6 14. b3 Nh5 15.
Bd2 Qb6 16. g4 Nf6 17. Be3 Qa5 18. Ne2 d5 19. cxd5 cxd5 20. e5 Ne4 21. f4 f6
22. Bd4 fxe5 23. Bxe5 Bxe5 24. fxe5 Bf7 25. Qd4 Qb6 26. Qxb6 axb6 27. Bxe4 dxe4
28. Nc3 Rxe5 29. Nxe4 Kg7 30. Nc3 Rae8 31. Rxe5 Rxe5 32. Kf2 b5 33. Re1 Rc5 34.
Ne4 Rc2+ 35. Re2 Rxe2+ 36. Kxe2 Bd5 37. Nd6 Bc6 38. g5 h6 39. h4 hxg5 40. hxg5
Kf8 41. Ke3 Ke7 42. Nc8+ Ke6 43. Kf4 b4 44. Nb6 Kd6 45. Nc4+ Ke6 46. Ne5 Be8
47. Nd3 Kd5 1-0

[Event "Moscow Blondes-Brunettes m 8th"]
[Site "Moscow"]
[Date "2018.03.04"]
[Round "5.4"]
[White "Zhukova, Natalia"]
[Black "Kosteniuk, Alexandra"]
[Result "0-1"]
[WhiteElo "2426"]
[BlackElo "2549"]
[PlyCount "148"]
[EventDate "2018.03.04"]
[EventType "schev (blitz)"]
[EventRounds "8"]
[EventCountry "RUS"]
[SourceTitle "CBM 183 Extra"]
[Source "ChessBase"]
[SourceDate "2018.04.19"]
[SourceVersion "1"]
[SourceVersionDate "2018.04.19"]
[SourceQuality "1"]
[WhiteTeam "Blondes"]
[BlackTeam "Brunettes"]
[WhiteTeamCountry "RUS"]
[BlackTeamCountry "RUS"]

1. d4 Nf6 2. c4 e6 3. Nf3 c5 4. d5 b5 5. Bg5 b4 6. Nbd2 Be7 7. Qc2 O-O 8. Bxf6
Bxf6 9. e4 d6 10. Bd3 e5 11. O-O a5 12. a4 g6 13. Ne1 Bg7 14. g3 f5 15. f3 Na6
16. Ng2 Nc7 17. Rae1 f4 18. g4 h5 19. h3 Bd7 20. b3 Kf7 21. Kf2 Rh8 22. Rh1 Bf6
23. Ke2 Qe7 24. Kd1 Rh7 25. Kc1 Rah8 26. Qd1 Ke8 27. Kb2 Kd8 28. Ref1 Kc8 29.
Rfg1 Rh6 30. Qe1 g5 31. h4 hxg4 32. hxg5 Bxg5 33. Rxh6 Rxh6 34. Rh1 Qh7 35.
Rxh6 Qxh6 36. Qg1 Qh3 37. Be2 Ne8 38. Ka2 Nf6 39. Kb2 Nh5 40. Bd1 Ng3 41. Ka2
Qh1 42. Qxh1 Nxh1 43. fxg4 Nf2 44. Bf3 Nxg4 45. Kb2 Kd8 46. Kc2 Ke7 47. Kd1 Kf6
48. Ke2 Kg6 49. Nf1 Nf6 50. Ne1 Kh6 51. Nh2 Bh4 52. Nd3 Kg5 53. Bg2 Kh5 54.
Bf3+ Kh6 55. Nf2 Bxf2 56. Kxf2 Kg5 57. Kg2 Be8 58. Nf1 Bg6 59. Nd2 Kh4 60. Kh2
Ng4+ 61. Kg2 Bh7 62. Be2 Ne3+ 63. Kf2 Nc2 64. Kg2 Kg5 65. Kh3 Kh6 66. Kg4 Bg6
67. Kh3 Nd4 68. Bd1 Bh5 69. Bxh5 Kxh5 70. Kg2 Kg4 71. Kf2 f3 72. Ke3 Kg3 73.
Nf1+ Kg2 74. Nd2 f2 0-1

[Event "Moscow Blondes-Brunettes m 8th"]
[Site "Moscow"]
[Date "2018.03.04"]
[Round "6.3"]
[White "Kosteniuk, Alexandra"]
[Black "Ushenina, Anna"]
[Result "1-0"]
[WhiteElo "2549"]
[BlackElo "2423"]
[PlyCount "127"]
[EventDate "2018.03.04"]
[EventType "schev (blitz)"]
[EventRounds "8"]
[EventCountry "RUS"]
[SourceTitle "CBM 183 Extra"]
[Source "ChessBase"]
[SourceDate "2018.04.19"]
[SourceVersion "1"]
[SourceVersionDate "2018.04.19"]
[SourceQuality "1"]
[WhiteTeam "Brunettes"]
[BlackTeam "Blondes"]
[WhiteTeamCountry "RUS"]
[BlackTeamCountry "RUS"]

1. e4 c5 2. Nf3 Nc6 3. d4 cxd4 4. Nxd4 g6 5. c4 d6 6. Nc3 Nxd4 7. Qxd4 Nf6 8.
Bg5 Bg7 9. Bd3 O-O 10. Qe3 Qb6 11. Qxb6 axb6 12. O-O Be6 13. Rfc1 Rfc8 14. b3
h6 15. Bd2 Nd7 16. a4 Nc5 17. Bc2 f5 18. exf5 Bxf5 19. Bxf5 gxf5 20. Rab1 Kf7
21. Nd5 Rc6 22. Be3 e6 23. Nb4 Rcc8 24. f3 h5 25. Rd1 Bf8 26. Bf4 Rd8 27. Kf2
Na6 28. Nc2 Nc5 29. Be3 Rac8 30. Na3 d5 31. cxd5 Rxd5 32. Rxd5 exd5 33. Nb5 Ne6
34. Rd1 Rc2+ 35. Kf1 Bc5 36. Bxc5 bxc5 37. Rxd5 Kf6 38. Rd7 b6 39. g3 Rb2 40.
Rd3 f4 41. Nc3 fxg3 42. hxg3 Nd4 43. Nd5+ Kf5 44. Nxb6 Nxb3 45. Nc4 Rb1+ 46.
Kg2 Nd4 47. a5 Ra1 48. Ra3 Rc1 49. Ne3+ Ke6 50. a6 Nb5 51. a7 Nxa7 52. Rxa7 Rc3
53. Kf2 Kd6 54. Rh7 Rd3 55. f4 Kc6 56. Rxh5 Kb5 57. Rd5 Ra3 58. f5 Kc6 59. Rd1
Kb5 60. g4 c4 61. f6 c3 62. f7 Ra8 63. g5 Kb4 64. g6 1-0

[Event "Moscow Blondes-Brunettes m 8th"]
[Site "Moscow"]
[Date "2018.03.04"]
[Round "7.2"]
[White "Girya, Olga"]
[Black "Kosteniuk, Alexandra"]
[Result "0-1"]
[WhiteElo "2482"]
[BlackElo "2549"]
[PlyCount "87"]
[EventDate "2018.03.04"]
[EventType "schev (blitz)"]
[EventRounds "8"]
[EventCountry "RUS"]
[SourceTitle "CBM 183 Extra"]
[Source "ChessBase"]
[SourceDate "2018.04.19"]
[SourceVersion "1"]
[SourceVersionDate "2018.04.19"]
[SourceQuality "1"]
[WhiteTeam "Blondes"]
[BlackTeam "Brunettes"]
[WhiteTeamCountry "RUS"]
[BlackTeamCountry "RUS"]

1. d4 Nf6 2. Nf3 e6 3. Bf4 b6 4. e3 Bb7 5. Nbd2 c5 6. c3 Be7 7. h3 O-O 8. Bd3
d5 9. O-O Ne4 10. Bh2 Nd7 11. Ne5 Nxe5 12. Bxe5 f6 13. Bh2 f5 14. f3 Nxd2 15.
Qxd2 Bd6 16. Bxd6 Qxd6 17. f4 Rf6 18. Kh1 Kh8 19. g4 Rc8 20. g5 Rff8 21. Kg2
Bc6 22. h4 b5 23. Be2 a5 24. dxc5 Qxc5 25. Qd4 Qd6 26. h5 Rce8 27. h6 e5 28.
hxg7+ Kxg7 29. fxe5 Qxe5 30. Qxe5+ Rxe5 31. Kf2 Rfe8 32. Bd3 Rxe3 33. Rad1 R3e5
34. Rfe1 Rxe1 35. Rxe1 Rxe1 36. Kxe1 Kg6 37. Kf2 Kxg5 38. b4 axb4 39. cxb4 d4
40. Kg3 h5 41. Kf2 h4 42. Bf1 Kg4 43. a4 bxa4 44. b5 0-1

[Event "Moscow Blondes-Brunettes m 8th"]
[Site "Moscow"]
[Date "2018.03.04"]
[Round "8.1"]
[White "Kosteniuk, Alexandra"]
[Black "Gunina, Valentina"]
[Result "0-1"]
[WhiteElo "2549"]
[BlackElo "2507"]
[PlyCount "76"]
[EventDate "2018.03.04"]
[EventType "schev (blitz)"]
[EventRounds "8"]
[EventCountry "RUS"]
[SourceTitle "CBM 183 Extra"]
[Source "ChessBase"]
[SourceDate "2018.04.19"]
[SourceVersion "1"]
[SourceVersionDate "2018.04.19"]
[SourceQuality "1"]
[WhiteTeam "Brunettes"]
[BlackTeam "Blondes"]
[WhiteTeamCountry "RUS"]
[BlackTeamCountry "RUS"]

1. Nf3 Nf6 2. g3 d5 3. Bg2 c6 4. O-O Bg4 5. d3 e6 6. Nbd2 Nbd7 7. b3 Bb4 8. Bb2
O-O 9. c4 Re8 10. h3 Bh5 11. g4 Bg6 12. Ne5 Nxe5 13. Bxe5 dxc4 14. Nxc4 Nd5 15.
Qc1 f6 16. Bg3 e5 17. a3 Bf8 18. b4 Qd7 19. Rd1 h5 20. gxh5 Bxh5 21. Qb2 c5 22.
bxc5 Bxc5 23. Rab1 Nf4 24. Bxf4 exf4 25. d4 Bxe2 26. Rd2 Bxc4 27. dxc5 Qf5 28.
Qxb7 f3 29. Rd4 Ba2 30. Rg4 Qxb1+ 31. Qxb1 Bxb1 32. Bxf3 Rac8 33. c6 Re5 34.
Rb4 Bf5 35. Kh2 Rc5 36. Rb7 a5 37. Rb6 Be6 38. a4 Bd5 0-1

[Event "SUI-chT"]
[Site "Switzerland"]
[Date "2018.04.29"]
[Round "3.1"]
[White "Kosteniuk, Alexandra"]
[Black "Stojanovic, Mihajlo"]
[Result "1/2-1/2"]
[WhiteElo "2530"]
[BlackElo "2511"]
[PlyCount "80"]
[EventDate "2018.03.25"]
[EventType "team-tourn"]
[EventRounds "9"]
[EventCountry "SUI"]
[SourceTitle "EXT 2019"]
[Source "ChessBase"]
[SourceDate "2018.10.10"]
[SourceVersion "1"]
[SourceVersionDate "2018.10.10"]
[SourceQuality "1"]
[WhiteTeam "Zuerich"]
[BlackTeam "Reti"]
[WhiteTeamCountry "SUI"]
[BlackTeamCountry "SUI"]

1. e4 e6 2. d4 d5 3. Nc3 Nf6 4. e5 Nfd7 5. f4 c5 6. Nf3 Nc6 7. Be3 Qb6 8. Na4
Qa5+ 9. c3 c4 10. b4 Qc7 11. Be2 Be7 12. O-O b5 13. Nc5 a5 14. a3 O-O 15. Qc2
Nxc5 16. bxc5 Rb8 17. Rfb1 b4 18. axb4 axb4 19. cxb4 Rxb4 20. Rxb4 Nxb4 21. Qb1
Nc6 22. Bd1 Bd7 23. Ra6 Rb8 24. Qa1 Qb7 25. Bc2 g6 26. Rb6 Qc7 27. Rxb8+ Qxb8
28. Bd2 Bd8 29. g4 f5 30. exf6 Bxf6 31. Kg2 Qa7 32. Qxa7 Nxa7 33. Kf2 Nc6 34.
Ke3 Kf7 35. h3 Be8 36. Bd1 h6 37. Bc3 g5 38. Bc2 Kg7 39. f5 Kf7 40. fxe6+ Kxe6
1/2-1/2

[Event "SUI-chT"]
[Site "Switzerland"]
[Date "2018.06.10"]
[Round "4.3"]
[White "Patuzzo, Fabrizio"]
[Black "Kosteniuk, Alexandra"]
[Result "1/2-1/2"]
[WhiteElo "2358"]
[BlackElo "2549"]
[PlyCount "111"]
[EventDate "2018.03.25"]
[EventType "team-tourn"]
[EventRounds "9"]
[EventCountry "SUI"]
[SourceTitle "EXT 2019"]
[Source "ChessBase"]
[SourceDate "2018.10.10"]
[SourceVersion "1"]
[SourceVersionDate "2018.10.10"]
[SourceQuality "1"]
[WhiteTeam "Mendrisio"]
[BlackTeam "Zuerich"]
[WhiteTeamCountry "SUI"]
[BlackTeamCountry "SUI"]

1. d4 Nf6 2. Nf3 e6 3. b3 c5 4. Bb2 Nc6 5. Nbd2 cxd4 6. Nxd4 Qa5 7. e3 e5 8.
Nxc6 dxc6 9. Bd3 e4 10. Bxf6 exd3 11. Bd4 dxc2 12. Qxc2 Bf5 13. e4 O-O-O 14.
Bc3 Bb4 15. Bxb4 Qxb4 16. exf5 Rhe8+ 17. Kd1 Qd4 18. Rb1 Qxf2 19. Kc1 Re2 20.
Rd1 Qe3 21. b4 Rxg2 22. Rb3 Qe5 23. h3 Rd5 24. a3 Qa1+ 25. Qb1 Qd4 26. Qc2 a5
27. Qc3 Qf2 28. f6 a4 29. Rb2 Rg3 30. Qc2 Qxf6 31. Qxa4 Rgd3 32. b5 Rc3+ 33.
Kb1 cxb5 34. Qg4+ Kc7 35. Ne4 Rxd1+ 36. Qxd1 Qg6 37. Qd4 Rc4 38. Rc2 Rxc2 39.
Kxc2 Qg2+ 40. Nf2 g5 41. Qe5+ Kb6 42. Qf6+ Qc6+ 43. Qxc6+ bxc6 44. Ne4 h6 45.
Nd6 f6 46. Kd3 c5 47. Ke4 h5 48. Ne8 g4 49. hxg4 hxg4 50. Nxf6 g3 51. Kf3 Ka5
52. Ne4 Ka4 53. Nc3+ Kxa3 54. Nxb5+ Kb4 55. Nd6 c4 56. Nxc4 1/2-1/2

[Event "SUI-chT"]
[Site "Switzerland"]
[Date "2018.09.09"]
[Round "7.3"]
[White "Kosteniuk, Alexandra"]
[Black "Petrov, Nikita"]
[Result "1/2-1/2"]
[WhiteElo "2549"]
[BlackElo "2511"]
[PlyCount "148"]
[EventDate "2018.03.25"]
[EventType "team-tourn"]
[EventRounds "9"]
[EventCountry "SUI"]
[SourceTitle "EXT 2019"]
[Source "ChessBase"]
[SourceDate "2018.10.10"]
[SourceVersion "1"]
[SourceVersionDate "2018.10.10"]
[SourceQuality "1"]
[WhiteTeam "Zuerich"]
[BlackTeam "Geneve"]
[WhiteTeamCountry "SUI"]
[BlackTeamCountry "SUI"]

1. e4 e5 2. Nf3 Nc6 3. Bc4 Bc5 4. d3 Nf6 5. Bg5 h6 6. Bh4 d6 7. c3 g5 8. Bg3 a6
9. a4 Ba7 10. Nbd2 O-O 11. h4 g4 12. Nh2 h5 13. O-O Ne7 14. Kh1 Ng6 15. Qe1 Be6
16. f4 exf4 17. Bxf4 Nh7 18. Bg3 Qe7 19. d4 Bxc4 20. Nxc4 Rae8 21. e5 dxe5 22.
Nxe5 Nxe5 23. Qxe5 Qxe5 24. Bxe5 f5 25. Bxc7 Re2 26. Rab1 Rf7 27. Bd6 Nf6 28.
Rxf5 Ne4 29. Rxf7 Kxf7 30. Bc7 Nf2+ 31. Kg1 Nd3 32. Nf1 Rxb2 33. Rd1 Nf2 34.
Re1 Nd3 35. Re3 Nf2 36. Ba5 Rc2 37. Bb4 a5 38. Bd6 Rb2 39. Ng3 Nd1 40. Re7+ Kg6
41. Be5 Ne3 42. Rg7+ Kh6 43. Rg5 Rxg2+ 44. Kh1 Rf2 45. Rxh5+ Kg6 46. Rg5+ Kh6
47. Ne4 Rf7 48. Bf6 Bb8 49. Rxa5 Bf4 50. Bg5+ Bxg5 51. hxg5+ Kg6 52. Nf6 Rc7
53. Ne4 Rf7 54. Re5 Rf3 55. Kg1 Rf1+ 56. Kh2 Rf3 57. Nd2 Rh3+ 58. Kg1 Nd1 59.
Ne4 Nxc3 60. Nf2 Rf3 61. d5 Rf4 62. d6 Rd4 63. Kh2 Rxd6 64. Kg3 Rd5 65. Rxd5
Nxd5 66. Kxg4 Nb6 67. a5 Nc4 68. Nd3 Nxa5 69. Nf4+ Kg7 70. Kf5 Nc4 71. Nh5+ Kg8
72. Nf6+ Kg7 73. Nh5+ Kg8 74. Nf6+ Kg7 1/2-1/2

[Event "EU-ch ACP (Women) Rapid"]
[Site "Tbilisi"]
[Date "2018.03.30"]
[Round "1"]
[White "Kosteniuk, Alexandra"]
[Black "Mikadze, Miranda"]
[Result "0-1"]
[WhiteElo "2549"]
[BlackElo "2268"]
[PlyCount "148"]
[EventDate "2018.03.30"]
[EventType "swiss (rapid)"]
[EventRounds "11"]
[EventCountry "GEO"]
[SourceTitle "CBM 183 Extra"]
[Source "ChessBase"]
[SourceDate "2018.04.19"]
[SourceVersion "1"]
[SourceVersionDate "2018.04.19"]
[SourceQuality "1"]

1. e4 c6 2. Nc3 d5 3. Nf3 Nf6 4. e5 Ne4 5. d4 Nxc3 6. bxc3 Bg4 7. Rb1 Qc7 8.
Ba3 Nd7 9. h3 Bxf3 10. Qxf3 e6 11. Bxf8 Rxf8 12. Bd3 c5 13. c4 cxd4 14. cxd5
Nxe5 15. Bb5+ Ke7 16. d6+ Kxd6 17. Qf4 Qc3+ 18. Kd1 Rac8 19. Bd3 b6 20. Re1 f6
21. Rb3 Qc5 22. Rb5 g5 23. Qe4 Qc3 24. Rxe5 fxe5 25. Qxe5+ Kc6 26. Qxe6+ Kb7
27. Qd5+ Qc6 28. Re7+ Rc7 29. Qxg5 Kb8 30. Qe5 a5 31. f4 Rfc8 32. Re6 Qc5 33.
Qxc5 bxc5 34. Bc4 Rf8 35. Re4 Rb7 36. g3 Rb1+ 37. Ke2 Rc1 38. Kd2 Rg1 39. g4
Rg2+ 40. Be2 Rg3 41. f5 Rxh3 42. Re5 Rc8 43. f6 c4 44. f7 c3+ 45. Ke1 Rh6 46.
Rf5 Rf8 47. Kf2 Rc6 48. Bd3 Rc7 49. Rb5+ Ka7 50. Rxa5+ Kb6 51. Rb5+ Kc6 52. Rh5
Rcxf7+ 53. Bf5 d3 54. cxd3 c2 55. Rh1 Kd5 56. Ke2 Rc7 57. Kd2 Kd4 58. Re1 h5
59. Re4+ Kd5 60. Be6+ Kd6 61. Bc4 Rf2+ 62. Kc1 h4 63. Rd4+ Ke5 64. Rd5+ Kf6 65.
Rh5 Re7 66. Rf5+ Rxf5 67. gxf5 h3 68. Bd5 Re5 69. Bb7 Rb5 70. Be4 Ra5 71. Kxc2
Rxa2+ 72. Kc3 Re2 73. Bb7 h2 74. d4 Kxf5 0-1